[Event "XXV OOM - Mistrzostwa Polski Juniorow Mlodszych - Chlopcy do lat 14"]
[Site "Sielpia"]
[Date "1899-12-30"]
[Round "6.11"]
[White "Pazdzierz, Piotr"]
[Black "Jedraszek, Pawel"]
[Result "1/2-1/2"]
[WhiteTitle "I"]
[BlackTitle "I"]
[WhiteElo "1639"]
[BlackElo "1753"]

1. c4 c5 2. Nc3 Nc6 3. g3 g6 4. Bg2 Bg7 5. e3 Nh6 6. Nge2 Nf5 7. a3 a6 8. Rb1 Rb8
9. b4 cxb4 10. axb4 b5 11. cxb5 axb5 12. d4 O-O 13. O-O e6 14. d5 Ne5 15. e4 Nd6
16. Be3 Ndc4 17. Bd4 d6 18. h3 Bh6 19. f4 Nd7 20. Qd3 e5 21. Be3 Ba6 22. Bc1 f5
23. Ra1 Qb6+ 24. Kh2 Bg7 25. Ra2 Ra8 26. Nd1 fxe4 27. Bxe4 exf4 28. Nxf4 Nde5
29. Qe2 Rae8 30. Ne6 Rxf1 31. Qxf1 Nf7 32. Rf2 Qa7 1/2-1/2

[Event "XXV OOM - Mistrzostwa Polski Juniorow Mlodszych - Chlopcy do lat 14"]
[Site "Sielpia"]
[Date "1899-12-30"]
[Round "6.12"]
[White "Stachecki, Mikolaj"]
[Black "Jeda, Maciej"]
[Result "1/2-1/2"]
[WhiteTitle "II+"]
[BlackTitle "I"]
[WhiteElo "1587"]
[BlackElo "1850"]

1. e4 e6 2. d4 d5 3. e5 c5 4. c3 Nc6 5. Nf3 Qb6 6. a3 Nh6 7. Bd3 Nf5 8. Bxf5 exf5
9. O-O cxd4 10. cxd4 Be6 11. b4 Be7 12. Nc3 O-O 13. Be3 h6 14. Rc1 Kh7 15. Qd3
Rg8 16. Kh1 Kh8 17. Na4 Qd8 18. Nc5 Bxc5 19. bxc5 g5 20. g3 Qd7 21. Nd2 f4 22.
gxf4 Bf5 23. Qc3 g4 24. Rg1 Bh7 25. Rg2 h5 26. Rcg1 h4 27. h3 gxh3 28. Rxg8+ Rxg8
29. Rxg8+ Kxg8 30. Qa1 Qf5 31. Qg1+ Bg6 32. Qg5 Qd3 1/2-1/2

[Event "XXV OOM - Mistrzostwa Polski Juniorow Mlodszych - Chlopcy do lat 14"]
[Site "Sielpia"]
[Date "1899-12-30"]
[Round "6.13"]
[White "Paprocki, Antoni"]
[Black "Zdybel, Przemyslaw"]
[Result "0-1"]
[WhiteTitle "I"]
[BlackTitle "I"]
[WhiteElo "1778"]
[BlackElo "1698"]

1. e4 c5 2. Nf3 d6 3. c3 Nf6 4. Be2 Bd7 5. d3 e5 6. O-O Be7 7. Re1 O-O 8. Bf1 Nc6
9. Na3 Kh8 10. Nc2 Qb6 11. Ne3 Be6 12. g3 Rad8 13. Bg2 Rfe8 14. Ng5 h6 15. Nxe6
fxe6 16. f4 Rf8 17. f5 d5 18. Qe2 c4 19. exd5 cxd3 20. Qxd3 Nxd5 21. Bxd5 exd5
22. Kh1 e4 23. Qe2 Ne5 24. Rf1 Bf6 25. Ng4 Nxg4 26. Qxg4 d4 27. cxd4 Qxd4 28.
Re1 Rfe8 29. Qe2 e3 30. Qf3 e2 31. Bf4 Qe4 32. Kg2 Qxf3+ 33. Kxf3 Rd3+ 34. Kf2
Bd4+ 35. Kg2 Bxb2 36. Rab1 Bc3 37. Rec1 e1=Q 38. Rxe1 Bxe1 39. Rxb7 a5 40. Kh3
Bd2 41. Bc7 Bc3 42. Bf4 Be5 43. Bc1 Rc8 44. Bb2 Bxb2 45. Rxb2 Rdc3 46. Rb5 R8c5
47. Rb8+ Kh7 48. Kg4 R3c4+ 49. Kh5 Rxf5# 0-1

[Event "XXV OOM - Mistrzostwa Polski Juniorow Mlodszych - Chlopcy do lat 14"]
[Site "Sielpia"]
[Date "1899-12-30"]
[Round "6.14"]
[White "Wysocki, Mateusz"]
[Black "Ciszewski, Krzysztof"]
[Result "1-0"]
[WhiteTitle "I"]
[BlackTitle "II+"]
[WhiteElo "1697"]
[BlackElo "1612"]

1. e4 c5 2. Nf3 d6 3. c3 Nf6 4. Be2 Nc6 5. d4 cxd4 6. cxd4 Nxe4 7. d5 Qa5+ 8. Nc3
Nxc3 9. bxc3 Ne5 10. Nxe5 Qxc3+ 11. Bd2 Qxe5 12. O-O Bd7 13. Rb1 Qxd5 14. Bf3
Qc5 15. Be3 Qf5 16. Rxb7 Rc8 17. h3 h5 18. Rxa7 e5 19. Qd5 Be7 20. Qb7 Qe6 21.
Bd5 Qf5 22. f4 O-O 23. Be4 Qe6 24. Qxd7 Bf6 25. Qxe6 fxe6 26. fxe5 Bxe5 27. Rxf8+
Rxf8 28. Bg6 d5 29. Re7 Rf6 30. Re8+ 1-0

[Event "XXV OOM - Mistrzostwa Polski Juniorow Mlodszych - Chlopcy do lat 14"]
[Site "Sielpia"]
[Date "1899-12-30"]
[Round "6.15"]
[White "Topola, Rafal"]
[Black "Szydlo, Michal"]
[Result "1/2-1/2"]
[WhiteTitle "I"]
[BlackTitle "I"]
[WhiteElo "1664"]
[BlackElo "1830"]

1. e4 c5 2. Nf3 d6 3. d4 cxd4 4. Nxd4 Nf6 5. Nc3 a6 6. Nb3 g6 7. Be2 Bg7 8. Be3
O-O 9. f4 Qc7 10. g4 e6 11. Qd3 b5 12. O-O-O Bb7 13. Qxd6 Qxd6 14. Rxd6 Nxe4 15.
Nxe4 Bxe4 16. Rhd1 Nc6 17. Nc5 Bg2 18. a3 g5 19. f5 exf5 20. Rg1 Be5 21. Rh6 Bg7
22. Rd6 Be5 23. Rh6 Bg7 24. Rd6 1/2-1/2

[Event "XXV OOM - Mistrzostwa Polski Juniorow Mlodszych - Chlopcy do lat 14"]
[Site "Sielpia"]
[Date "1899-12-30"]
[Round "6.16"]
[White "Kolodziejski, Piotr"]
[Black "Sieczkowski, Adam"]
[Result "1-0"]
[WhiteTitle "I"]
[BlackTitle "I+"]
[WhiteElo "1797"]
[BlackElo "1638"]

1. e4 Nf6 2. e5 Nd5 3. d4 d6 4. c4 Nb6 5. exd6 cxd6 6. Nc3 g6 7. Be3 Bg7 8. Nf3
O-O 9. h3 Nc6 10. Be2 Nd7 11. O-O e5 12. dxe5 Ndxe5 13. Qd2 Be6 14. b3 Qa5 15.
Rac1 Rfd8 16. Rfd1 Rac8 17. Ng5 Bf5 18. f4 Nd7 19. Nb5 Qxd2 20. Rxd2 Re8 21. Bf2
Bf8 22. g4 f6 23. gxf5 fxg5 24. fxg6 hxg6 25. Bg4 Rcd8 26. Nxd6 Ndb8 27. Rcd1
Rxd6 28. Rxd6 Bxd6 29. Rxd6 gxf4 30. Rxg6+ Kf7 31. Rd6 Re7 32. Kg2 Na6 33. Rd7
Rxd7 34. Bxd7 Ne5 35. Bc8 Nb4 36. Bxb7 Nxa2 37. Bxa7 Nc1 38. Bd4 f3+ 39. Kf1 Ned3
40. c5 Ke7 41. c6 Kd6 42. Bf2 Kc7 43. Bg3+ Kb6 44. h4 Nxb3 45. h5 f2 46. Bxf2+
Nxf2 47. Kxf2 Nc5 48. h6 Ne4+ 49. Ke3 Nf6 50. Kf4 Nd5+ 51. Kg5 Nf6 52. Kxf6 Kc7
53. h7 1-0

[Event "XXV OOM - Mistrzostwa Polski Juniorow Mlodszych - Chlopcy do lat 14"]
[Site "Sielpia"]
[Date "1899-12-30"]
[Round "6.17"]
[White "Matela, Krzysztof"]
[Black "Budzisz, Adrian"]
[Result "0-1"]
[WhiteTitle "I"]
[BlackTitle "I"]
[WhiteElo "1540"]
[BlackElo "1788"]

1. d4 Nf6 2. c4 e6 3. g3 d5 4. Nc3 Be7 5. Bg2 O-O 6. Nf3 dxc4 7. O-O c5 8. dxc5
Nc6 9. Qa4 Bxc5 10. Qxc4 Bb6 11. Rd1 Qe7 12. Na4 Bc7 13. Be3 Rd8 14. Rxd8+ Qxd8
15. Nc3 a6 16. Rd1 Qe8 17. Bg5 Nd7 18. a3 Nb6 19. Qe4 f6 20. Be3 e5 21. Qc2 Be6
22. Bxb6 Bxb6 23. Nd5 Bd8 24. Qc5 Qf8 25. Qxf8+ Kxf8 26. Nd2 Rc8 27. Rc1 Nd4 28.
Rxc8 Bxc8 29. Nc3 Ba5 30. b4 Bc7 31. e3 Nc2 32. Ncb1 f5 33. Bd5 b5 34. Kf1 a5
35. bxa5 Bxa5 36. Nb3 Bb6 37. Ke2 b4 38. axb4 Nxb4 39. N1d2 Nxd5 0-1

[Event "XXV OOM - Mistrzostwa Polski Juniorow Mlodszych - Chlopcy do lat 14"]
[Site "Sielpia"]
[Date "1899-12-30"]
[Round "6.18"]
[White "Wieczorek, Mikolaj"]
[Black "Kossowski, Pawel"]
[Result "1/2-1/2"]
[WhiteTitle "I"]
[BlackTitle "II+"]
[WhiteElo "1752"]
[BlackElo "1589"]

1. e4 e5 2. Nf3 Nc6 3. d4 exd4 4. Nxd4 Bc5 5. Be3 Qf6 6. c3 Nge7 7. g3 h5 8. h4
d5 9. Bg2 dxe4 10. Nd2 Bb6 11. Nxe4 Qg6 12. Nxc6 Nxc6 13. Bxb6 axb6 14. O-O O-O
15. Ng5 Bg4 16. Qb3 Be6 17. Nxe6 Qxe6 18. Qxe6 fxe6 19. a3 Rad8 20. Rad1 Kf7 21.
Bf3 g6 22. Be4 Kf6 23. Rfe1 Rxd1 24. Rxd1 Rd8 25. Rxd8 Nxd8 26. f4 b5 27. Kf2
c6 28. Ke3 Nf7 29. b3 Nd6 30. a4 bxa4 31. bxa4 Nxe4 32. Kxe4 b6 33. Ke3 Kf5 34.
Kf3 e5 35. fxe5 Kxe5 36. g4 c5 37. g5 Kf5 38. c4 Ke5 39. Ke4+ 1/2-1/2

[Event "XXV OOM - Mistrzostwa Polski Juniorow Mlodszych - Chlopcy do lat 14"]
[Site "Sielpia"]
[Date "1899-12-30"]
[Round "6.19"]
[White "Pisarek, Jan"]
[Black "Wasik, Mateusz"]
[Result "0-1"]
[WhiteTitle "I"]
[BlackTitle "I"]
[WhiteElo "1610"]
[BlackElo "1729"]

1. e4 c5 2. Nf3 Nc6 3. Bb5 g6 4. O-O Bg7 5. c3 Nf6 6. e5 Nd5 7. d4 cxd4 8. cxd4
O-O 9. Nc3 Nxc3 10. bxc3 d6 11. exd6 Qxd6 12. a4 Rd8 13. Ba3 Qc7 14. Re1 e6 15.
Rb1 b6 16. Bxc6 Qxc6 17. Qb3 Ba6 18. Ne5 Qc7 19. Bb4 Rac8 20. Qa3 Rd5 21. Ng4
h5 22. Ne3 Rd7 23. a5 Bb7 24. Red1 Rcd8 25. axb6 axb6 26. Qb3 Be4 27. Ra1 Qb7
28. f3 Bc6 29. Qc2 e5 30. dxe5 Bxe5 31. Rxd7 Rxd7 32. Rd1 Qc7 33. Rxd7 Qxd7 34.
Nc4 Bc7 35. Qd2 Qe6 36. Nd6 Bd5 37. Nb5 Bf4 38. Nd4 Bxd2 0-1

[Event "XXV OOM - Mistrzostwa Polski Juniorow Mlodszych - Chlopcy do lat 14"]
[Site "Sielpia"]
[Date "1899-12-30"]
[Round "6.20"]
[White "Backiel, Hubert"]
[Black "Goszyk, Bartosz"]
[Result "1-0"]
[WhiteTitle "I"]
[BlackTitle "II"]
[WhiteElo "1704"]
[BlackElo "1554"]

1. c4 e5 2. g3 Nf6 3. Bg2 Nc6 4. Nc3 Bb4 5. Nd5 Bc5 6. e3 O-O 7. Ne2 Re8 8. O-O
d6 9. a3 Nxd5 10. cxd5 Ne7 11. d4 exd4 12. Nxd4 Bxd4 13. Qxd4 Ng6 14. b4 Qe7 15.
Bb2 f6 16. Rfe1 Bd7 17. Rac1 Rec8 18. Red1 Qe5 19. Qd2 Qh5 20. f4 Bg4 21. Re1
Ne7 22. Rc3 Bh3 23. Bh1 Bd7 24. Rec1 c6 25. dxc6 Bxc6 26. Bxc6 Nxc6 27. Rd3 Re8
28. Re1 a5 29. Rd5 Qf3 30. b5 Na7 31. Rxd6 Nxb5 32. Qd5+ Qxd5 33. Rxd5 Nc7 34.
Rd7 Ne6 35. Rc1 Rac8 36. Rxb7 Rxc1+ 37. Bxc1 Nc5 38. Rb5 Nd3 39. Bd2 a4 40. Ra5
Nb2 41. Bc3 Nc4 42. Rxa4 Nxe3 43. Ra7 Nd5 44. Bd4 Ne7 45. Bc5 Nc6 46. Rc7 Na5
47. Bb4 Nb3 48. Re7 Rd8 49. Kf2 g5 50. Re3 Nc1 51. Kf3 gxf4 52. gxf4 Nd3 53. Be7
Rd7 54. Bxf6 Nc5 55. Be5 Kf7 56. Rc3 Rd5 57. Ke3 Ke6 58. Bd4 Nd7 59. Rc6+ Kf5
60. Rh6 Nc5 61. Rh5+ Ke4+ 62. Kxe4 1-0

[Event "XXV OOM - Mistrzostwa Polski Juniorow Mlodszych - Chlopcy do lat 14"]
[Site "Sielpia"]
[Date "1899-12-30"]
[Round "6.21"]
[White "Lokaj, Bartlomiej"]
[Black "Bancarewicz, Aleks"]
[Result "0-1"]
[WhiteTitle "II"]
[BlackTitle "I"]
[WhiteElo "1537"]
[BlackElo "1701"]

1. e4 c5 2. Nf3 d6 3. d4 cxd4 4. Nxd4 Nf6 5. Nc3 a6 6. Bg5 e6 7. f4 h6 8. Bh4 Qb6
9. a3 Nbd7 10. Bf2 Qc7 11. Qf3 b5 12. O-O-O Bb7 13. g4 Nc5 14. Bd3 d5 15. e5 Nfe4
16. Bxe4 Nxe4 17. Nxe4 dxe4 18. Qe3 Be7 19. h4 O-O-O 20. Rh3 Bd5 21. Qc3 h5 22.
g5 g6 23. Qxc7+ Kxc7 24. Ne2 a5 25. Rc3+ Kb7 26. Bc5 Bxc5 27. Rxc5 Bc4 28. Re1
Kb6 29. b4 Ra8 30. Kb2 axb4 31. axb4 Ra2+ 32. Kc3 Rha8 33. Nd4 R8a3+ 34. Nb3 Bxb3
35. cxb3 Rf2 36. Rxe4 Rf3+ 37. Kc2 Ra2+ 38. Kb1 Rh2 39. Rc1 Rxb3+ 40. Ka1 Rd3
41. f5 gxf5 42. Rf4 Re2 0-1

[Event "XXV OOM - Mistrzostwa Polski Juniorow Mlodszych - Chlopcy do lat 14"]
[Site "Sielpia"]
[Date "1899-12-30"]
[Round "6.22"]
[White "Madajczak, Piotr"]
[Black "Taranowicz, Michal"]
[Result "0-1"]
[WhiteTitle "I"]
[BlackTitle "II+"]
[WhiteElo "1549"]
[BlackElo "1560"]

1. c4 Nf6 2. Nc3 e6 3. Nf3 d5 4. cxd5 exd5 5. d4 Bd6 6. Bg5 c6 7. e3 Nbd7 8. Bd3
O-O 9. O-O Qc7 10. Rb1 Re8 11. b4 Ne4 12. Qc2 f5 13. Bh4 Re6 14. Bg3 Qd8 15. b5
g5 16. bxc6 bxc6 17. Nxe4 fxe4 18. Qxc6 Nb6 19. Rxb6 Bxg3 20. Qxa8 Bxf2+ 21. Rxf2
Rxb6 22. Be2 exf3 23. Bxf3 Rb1+ 24. Rf1 Rxf1+ 25. Kxf1 Ba6+ 26. Be2 Bxe2+ 27.
Kxe2 Qxa8 28. Kd3 Qe8 29. g3 Qe4+ 30. Kd2 Kf7 31. a4 Ke6 32. a5 Kf5 33. h3 Qg2+
34. Kd3 Qf1+ 35. Kc3 Qc4+ 36. Kd2 Ke4 37. a6 Qd3+ 38. Ke1 Ke5 0-1

[Event "XXV OOM - Mistrzostwa Polski Juniorow Mlodszych - Chlopcy do lat 14"]
[Site "Sielpia"]
[Date "1899-12-30"]
[Round "6.23"]
[White "Szlosarczyk, Hubert"]
[Black "Wojtasik, Szymon"]
[Result "1/2-1/2"]
[WhiteTitle "II+"]
[BlackTitle "II"]
[WhiteElo "1620"]
[BlackElo "1379"]

1. d4 d5 2. c4 c6 3. Nf3 Nf6 4. Nc3 dxc4 5. a4 Bf5 6. e3 e6 7. Bxc4 Bb4 8. O-O
O-O 9. Qe2 Nbd7 10. e4 Bg6 11. Bd3 Bh5 12. e5 Nd5 13. Nxd5 cxd5 14. Qe3 Re8 15.
Bd2 Be7 16. Ne1 Nf8 17. f4 f5 18. Nc2 Rc8 19. Rfc1 Nd7 20. b4 a6 21. a5 Nb8 22.
b5 Qd7 23. bxa6 Nxa6 24. Bxa6 bxa6 25. Qd3 Qa7 26. Nb4 Bxb4 27. Bxb4 Be2 28. Qd2
Rxc1+ 29. Rxc1 Bc4 30. Bc5 Qb7 31. Bb6 Rc8 32. Qb4 Bb5 33. Rxc8+ Qxc8 34. Qc5
Qxc5 35. Bxc5 Bc4 1/2-1/2

[Event "XXV OOM - Mistrzostwa Polski Juniorow Mlodszych - Chlopcy do lat 14"]
[Site "Sielpia"]
[Date "1899-12-30"]
[Round "6.24"]
[White "Skrzypczynski, Kacper"]
[Black "Mocko, Maciej"]
[Result "0-1"]
[WhiteTitle "II"]
[BlackTitle "II"]
[WhiteElo "1291"]
[BlackElo "1430"]

1. d4 f5 2. c4 Nf6 3. Nc3 g6 4. Bf4 Bg7 5. e3 d6 6. Nf3 O-O 7. Be2 Qe8 8. h4 c6
9. Nd2 e5 10. Bg5 h6 11. Bxf6 Bxf6 12. d5 Kh7 13. Qc2 Qe7 14. h5 g5 15. g4 Bg7
16. O-O-O Kh8 17. f3 a5 18. gxf5 Bxf5 19. Bd3 Bxd3 20. Qxd3 Na6 21. a3 Nc5 22.
Qe2 a4 23. e4 Qc7 24. Rh3 Qb6 25. Na2 cxd5 26. cxd5 Rfc8 27. Kb1 Nb3 28. Nxb3
axb3 29. Nb4 Ra4 30. Rd3 Rxb4 31. axb4 Qa6 32. Rc3 Qa2+ 0-1

[Event "XXV OOM - Mistrzostwa Polski Juniorow Mlodszych - Chlopcy do lat 14"]
[Site "Sielpia"]
[Date "1899-12-30"]
[Round "6.25"]
[White "Wnek, Filip"]
[Black "Blazniak, Bartlomiej"]
[Result "1/2-1/2"]
[WhiteTitle "I+"]
[BlackTitle "I"]
[WhiteElo "1733"]
[BlackElo "1518"]

1. e4 c5 2. Nf3 e6 3. d4 cxd4 4. Nxd4 Nf6 5. Bd3 Nc6 6. Nxc6 dxc6 7. O-O e5 8.
Bg5 Be7 9. Nd2 O-O 10. Nc4 Qc7 11. f4 Bc5+ 12. Kh1 Ng4 13. f5 Nf2+ 14. Rxf2 Bxf2
15. f6 Re8 16. Qf3 Bc5 17. Bh6 g6 18. Qg3 Re6 19. Qg5 b5 20. Nd2 Qd8 21. Rf1 Bf8
22. Bxf8 Qxf8 23. Rf3 h6 24. Qh4 Bd7 25. g4 g5 26. Qh5 Kh7 27. Rf5 Qg8 28. Nf3
Qg6 29. Nxg5+ Kg8 30. Nxe6 Bxe6 31. Qxg6+ fxg6 32. Rxe5 Kf7 33. Rc5 Rc8 34. Bxb5
cxb5 35. Rxb5 Kxf6 36. c3 Bxg4 37. e5+ Ke6 38. Ra5 Rc7 39. Kg2 Bf5 40. Kf3 Rb7
41. b3 Rd7 42. c4 Rd3+ 43. Ke2 Rd7 44. Kf3 Bb1 45. Ke3 Kf5 46. b4 Re7 47. Kd4
Rd7+ 48. Kc5 Kxe5 49. Kc6+ Ke6 50. c5 Be4+ 51. Kb5 Bd3+ 52. Kc6 Be4+ 53. Kb5 Rb7+
54. Kc4 Bd5+ 55. Kc3 Kd7 56. b5 Kc8 57. c6 Rf7 58. Kd4 Bf3 59. Kc5 Kb8 60. Kd6
Rf6+ 61. Ke7 Rf5 62. Kd7 Rf7+ 63. Kd8 Rf8+ 64. Ke7 Rf5 1/2-1/2

[Event "XXV OOM - Mistrzostwa Polski Juniorow Mlodszych - Chlopcy do lat 14"]
[Site "Sielpia"]
[Date "1899-12-30"]
[Round "6.26"]
[White "Dembicki, Karol"]
[Black "Szafranski, Maciej"]
[Result "0-1"]
[WhiteTitle "II"]
[BlackTitle "II+"]
[WhiteElo "1316"]
[BlackElo "1503"]

1. e4 c5 2. Nf3 d6 3. d4 cxd4 4. Nxd4 Nf6 5. Nc3 a6 6. Be2 e5 7. Nb3 Be6 8. O-O
Be7 9. Be3 Nbd7 10. a4 O-O 11. a5 Qc7 12. Bf3 Rac8 13. Qd2 Qc6 14. Rfc1 h6 15.
Qd1 Rfe8 16. Nd5 Bxd5 17. exd5 Qc4 18. Nd2 Qc7 19. c4 Bf8 20. b4 Ra8 21. Nb3 e4
22. Be2 b6 23. axb6 Nxb6 24. Na5 Nbd7 25. Nc6 Ne5 26. Nxe5 Rxe5 27. Bf4 Rf5 28.
Qd2 Qb7 29. g4 Rxf4 30. Qxf4 Qxb4 31. g5 hxg5 32. Qxg5 Qb2 33. Qe3 a5 34. Bd1
Qb7 35. Ba4 Qc7 36. Bc6 Ra7 37. Rc3 g6 38. Rb3 Bg7 39. Ra4 Qe7 40. Qb6 Ng4 41.
h3 Ne5 42. Qb8+ Kh7 43. Qc8 Nf3+ 44. Rxf3 exf3 45. Qe8 Qg5+ 46. Kf1 Re7 0-1

[Event "XXV OOM - Mistrzostwa Polski Juniorow Mlodszych - Chlopcy do lat 14"]
[Site "Sielpia"]
[Date "1899-12-30"]
[Round "7.1"]
[White "Luberanski, Jakub"]
[Black "Luczak, Filip"]
[Result "1/2-1/2"]
[WhiteTitle "I+"]
[BlackTitle "CM"]
[WhiteElo "2023"]
[BlackElo "2071"]

1. e4 c5 2. Nf3 e6 3. d4 cxd4 4. Nxd4 Nf6 5. Nc3 Nc6 6. Ndb5 Bb4 7. a3 Bxc3+ 8.
Nxc3 d5 9. exd5 exd5 10. Bd3 O-O 11. O-O d4 12. Ne2 Bg4 13. Bg5 h6 14. Bh4 Bxe2
15. Bxe2 Qd6 16. Bg3 Qd7 17. Qd3 Rfe8 18. Bf3 Ne5 19. Bxe5 Rxe5 20. Rad1 Rb5 21.
b4 Rc8 22. Qxd4 Qxd4 23. Rxd4 Rxc2 24. Rd8+ Kh7 25. Rb8 Ra2 26. Rxb7 Rxb7 27.
Bxb7 Rxa3 28. Bc6 Rc3 29. b5 a6 30. Ra1 axb5 31. Bxb5 Rc7 32. Bd3+ g6 1/2-1/2

[Event "XXV OOM - Mistrzostwa Polski Juniorow Mlodszych - Chlopcy do lat 14"]
[Site "Sielpia"]
[Date "1899-12-30"]
[Round "7.2"]
[White "Poltorak, Sebastian"]
[Black "Iwaszkiewicz, Krzysztof"]
[Result "1-0"]
[WhiteTitle "I+"]
[BlackTitle "I"]
[WhiteElo "1962"]
[BlackElo "1651"]

1. d4 d5 2. c4 c6 3. Nc3 Nf6 4. Nf3 e6 5. Bg5 h6 6. Bxf6 Qxf6 7. Qc2 Nd7 8. e4
dxc4 9. Bxc4 e5 10. dxe5 Nxe5 11. Nxe5 Qxe5 12. Qb3 Qf4 13. Ne2 Qc7 14. Qc3 Bg4
15. f3 Bh5 16. O-O-O Bd6 17. Ng3 Be5 18. Qa3 Bg6 19. Rhe1 b5 20. Bf1 a5 21. Qc5
Rd8 22. Nf5 Rd7 23. g3 Bf6 24. Nd6+ Kd8 25. Bh3 Be7 26. Bxd7 Kxd7 27. Nf5+ Ke8
28. Nxe7 1-0

[Event "XXV OOM - Mistrzostwa Polski Juniorow Mlodszych - Chlopcy do lat 14"]
[Site "Sielpia"]
[Date "1899-12-30"]
[Round "7.3"]
[White "Karolczuk, Iwo"]
[Black "Chyzy, Jakub"]
[Result "1/2-1/2"]
[WhiteTitle "I++"]
[BlackTitle "k"]
[WhiteElo "2055"]
[BlackElo "2140"]

1. d4 Nf6 2. Nf3 e6 3. e3 b6 4. Bd3 Bb7 5. O-O d5 6. b3 Bd6 7. c4 Nbd7 8. cxd5
exd5 9. Ba3 Bxa3 10. Nxa3 O-O 11. Rc1 c6 12. Nb1 Qe7 13. Nc3 Ne4 14. Qe2 a5 15.
Qb2 f5 16. Rfe1 g5 17. Nd2 Rae8 18. f3 Nxd2 19. Qxd2 Qg7 20. Bb1 Rd8 21. Na4 f4
22. e4 dxe4 23. Bxe4 b5 24. Nb2 Nb8 25. Red1 Rd6 26. Qxa5 Rxd4 27. Qc3 Rxd1+ 28.
Nxd1 Rd8 29. Qxg7+ Kxg7 30. Nb2 Rd2 31. Rc2 Rxc2 32. Bxc2 c5 33. Kf2 h6 34. Bd3
Ba6 35. Ke2 Nc6 36. Kd2 Nd4 37. Nd1 Kf6 38. Nf2 Ke6 39. Ne4 Kd5 40. Nf6+ Kd6 41.
Ng4 c4 42. bxc4 bxc4 43. Bc2 Kc5 44. a3 c3+ 45. Kxc3 Bf1 46. g3 1/2-1/2

[Event "XXV OOM - Mistrzostwa Polski Juniorow Mlodszych - Chlopcy do lat 14"]
[Site "Sielpia"]
[Date "1899-12-30"]
[Round "7.4"]
[White "Wilk, Igor"]
[Black "Kacprzak, Kacper"]
[Result "0-1"]
[WhiteTitle "I"]
[BlackTitle "I"]
[WhiteElo "1669"]
[BlackElo "1841"]

1. e4 e6 2. d4 d5 3. Nc3 Bb4 4. e5 c5 5. a3 Bxc3+ 6. bxc3 Ne7 7. Qg4 Kf8 8. Qd1
Qa5 9. Bd2 Nbc6 10. Nf3 b6 11. c4 Qa4 12. dxc5 bxc5 13. cxd5 exd5 14. c4 Qxd1+
15. Kxd1 d4 16. Bd3 Be6 17. Re1 Ng6 18. h4 Bg4 19. Bxg6 hxg6 20. Re4 Bf5 21. Re1
Rb8 22. Bg5 Na5 23. Nd2 Rb2 24. g3 Ke8 25. Rc1 Kd7 26. f3 Bd3 27. e6+ fxe6 28.
Bf4 Rf8 29. Rh1 Rf5 30. Re1 Ra2 31. Re5 Nc6 32. Rxf5 gxf5 33. Nb3 Be2+ 34. Ke1
e5 35. Bd2 Bxf3 36. Nxc5+ Kd6 37. Nd3 Rxa3 38. Bb4+ Nxb4 39. Nxb4 Rc3 40. Rxc3
dxc3 41. Na2 Kc5 42. Nxc3 Kxc4 43. Kd2 a5 44. Kc2 Bc6 0-1

[Event "XXV OOM - Mistrzostwa Polski Juniorow Mlodszych - Chlopcy do lat 14"]
[Site "Sielpia"]
[Date "1899-12-30"]
[Round "7.5"]
[White "Kacprzak, Karol"]
[Black "Turski, Bartlomiej"]
[Result "1/2-1/2"]
[WhiteTitle "I+"]
[BlackTitle "I"]
[WhiteElo "1910"]
[BlackElo "1982"]

1. e4 c5 2. Nf3 d6 3. d4 cxd4 4. Nxd4 Nf6 5. Nc3 Nc6 6. h3 g6 7. Be3 Bg7 8. g4
O-O 9. Bg2 Bd7 10. O-O Nxd4 11. Bxd4 e5 12. Be3 Bc6 13. Qd2 Qe7 14. Rfd1 Rfd8
15. a4 Qe6 16. b4 Qc4 17. Qd3 Qxb4 18. Rdb1 Qa5 19. g5 Nh5 20. Ra3 Nf4 21. Bxf4
exf4 22. Nd5 Re8 23. h4 Bxd5 24. Qxd5 Qxd5 25. exd5 Re7 26. Bf3 Rc8 27. Rb4 Rxc2
28. Rxf4 Be5 29. Rb4 Bg3 30. Be2 Bxf2+ 31. Kxf2 Rcxe2+ 32. Kf3 Rd2 33. Rab3 b6
34. a5 bxa5 35. Rb8+ Kg7 36. Rd8 f6 37. Rbb8 Rd3+ 38. Kf2 fxg5 39. hxg5 Rd2+ 40.
Kf3 1/2-1/2

[Event "XXV OOM - Mistrzostwa Polski Juniorow Mlodszych - Chlopcy do lat 14"]
[Site "Sielpia"]
[Date "1899-12-30"]
[Round "7.6"]
[White "Jozefczyk, Szymon"]
[Black "Ochedzan, Tymon"]
[Result "0-1"]
[WhiteTitle "II"]
[BlackTitle "CM"]
[WhiteElo "1580"]
[BlackElo "2090"]

1. e4 c5 2. Nf3 d6 3. d4 cxd4 4. Nxd4 Nf6 5. Nc3 a6 6. h3 e5 7. Nde2 b5 8. Ng3
Be6 9. Bg5 Nbd7 10. Qf3 Be7 11. Nf5 Bxf5 12. Qxf5 b4 13. Nd1 d5 14. exd5 Nxd5
15. Bxe7 Qxe7 16. g3 O-O 17. Bg2 N7b6 18. O-O g6 19. Qf3 Rfd8 20. Ne3 Nxe3 21.
Qxe3 Nc4 22. Qc1 Rac8 23. Re1 Qc5 24. Re2 Rc7 25. Be4 Qd4 26. Rb1 f5 27. Bd3 Nb6
28. Rd2 Kg7 29. Rd1 Qc5 30. Qg5 Rcd7 31. Rbc1 h6 32. Qe3 Qxe3 33. fxe3 Nc4 34.
b3 Nb2 35. Rd2 e4 36. Rb1 Nxd3 37. cxd3 Rxd3 38. Rxd3 exd3 39. Kf2 Kf6 40. Ke1
d2+ 41. Ke2 Ke5 42. Rd1 Ke4 43. g4 fxg4 44. hxg4 h5 45. gxh5 gxh5 46. Rh1 d1=Q+
47. Rxd1 Rxd1 48. Kxd1 Kxe3 0-1

[Event "XXV OOM - Mistrzostwa Polski Juniorow Mlodszych - Chlopcy do lat 14"]
[Site "Sielpia"]
[Date "1899-12-30"]
[Round "7.7"]
[White "Oleksy, Krzysztof"]
[Black "Czernek, Tymon"]
[Result "1-0"]
[WhiteTitle "I"]
[BlackTitle "I++"]
[WhiteElo "1746"]
[BlackElo "2050"]

1. e4 c5 2. Nf3 d6 3. d4 cxd4 4. Nxd4 Nf6 5. Nc3 a6 6. Be3 e5 7. Nb3 Be7 8. h3
Be6 9. f4 exf4 10. Bxf4 Nc6 11. Qe2 O-O 12. O-O-O Qc7 13. Kb1 b5 14. g4 Rab8 15.
Nd5 Bxd5 16. exd5 Ne5 17. g5 Nfd7 18. Nd4 Ng6 19. Bc1 Nb6 20. Qg2 Rfe8 21. h4
Rbc8 22. h5 Ne5 23. g6 Bf6 24. gxf7+ Qxf7 25. Nf5 Qd7 26. Qf2 Kh8 27. Bh3 Qd8
28. Nd4 Rb8 29. Ne6 Qe7 30. Rhf1 Nbd7 31. Qf5 Nc4 32. Bg2 Nc5 33. Rde1 Nxe6 34.
Rxe6 Qf7 35. b3 Ne5 36. Rxd6 Rf8 37. Bb2 Nc4 38. bxc4 bxc4 39. c3 Qe7 40. Re6
Rxb2+ 41. Kxb2 Qb4+ 42. Kc1 Qa3+ 43. Kd1 Qxc3 44. Qc2 Qd4+ 45. Ke2 Rb8 46. Rb1
Rf8 47. Qe4 Qc3 48. Rd1 Qb2+ 49. Rd2 Qb5 50. a4 Qxa4 51. Rc2 Rc8 52. Rc6 Rd8 53.
R2xc4 Qb5 54. Kf3 Qb3+ 55. Qe3 Qd1+ 56. Kg3 Qxh5 57. Rc8 Be5+ 58. Kf2 Qf5+ 59.
Qf3 Bd4+ 60. Ke2 Qe5+ 61. Qe4 Qh5+ 62. Bf3 Qh2+ 63. Kd3 1-0

[Event "XXV OOM - Mistrzostwa Polski Juniorow Mlodszych - Chlopcy do lat 14"]
[Site "Sielpia"]
[Date "1899-12-30"]
[Round "7.8"]
[White "Grzesik, Gracjan"]
[Black "Wysocki, Mateusz"]
[Result "1-0"]
[WhiteTitle "I"]
[BlackTitle "I"]
[WhiteElo "1904"]
[BlackElo "1697"]

1. Nf3 Nf6 2. g3 g6 3. d4 Bg7 4. Bg2 O-O 5. b3 d6 6. Bb2 Nbd7 7. O-O c5 8. c4 Rb8
9. Nc3 a6 10. dxc5 Nxc5 11. Nd4 Bd7 12. b4 Ne6 13. Nd5 Nxd5 14. Nxe6 Bxe6 15.
Bxg7 Kxg7 16. cxd5 Bd7 17. Qd4+ Kg8 18. Rfc1 Bb5 19. a4 Bd7 20. Qa7 f6 21. e3
Kg7 22. e4 Re8 23. a5 Bb5 24. Qb6 Qxb6 25. axb6 f5 26. exf5 gxf5 27. Rc7 Kf8 28.
Re1 Bd3 29. Re3 Bb1 30. Rc1 Be4 31. Bxe4 fxe4 32. Rxe4 Rbc8 33. Rf4+ Kg7 34. Rfc4
Rxc4 35. Rxc4 Kf6 36. Rc7 Rb8 37. f4 h5 38. Kf2 h4 39. g4 Kf7 40. Kf3 Kf6 41.
g5+ Kf7 42. Ke4 1-0

[Event "XXV OOM - Mistrzostwa Polski Juniorow Mlodszych - Chlopcy do lat 14"]
[Site "Sielpia"]
[Date "1899-12-30"]
[Round "7.9"]
[White "Dzida, Kamil"]
[Black "Dziendziel, Mateusz"]
[Result "1-0"]
[WhiteTitle "I++"]
[BlackTitle "II+"]
[WhiteElo "1877"]
[BlackElo "1684"]

1. e4 c5 2. Nf3 d6 3. d4 Nf6 4. Nc3 cxd4 5. Nxd4 g6 6. Be3 Bg7 7. f3 O-O 8. Qd2
Nc6 9. O-O-O Bd7 10. g4 Ne5 11. h4 Rc8 12. Kb1 b5 13. h5 Nxf3 14. Nxf3 Bxg4 15.
Be2 b4 16. Nd5 Nxe4 17. Qe1 e6 18. Nxb4 Bxf3 19. Bxf3 Qf6 20. Bd4 Qxf3 21. hxg6
fxg6 22. Qh4 h5 23. Rhg1 g5 24. Qe1 d5 25. Bxg7 Kxg7 26. Nd3 Rf5 27. Qb4 Qe2 28.
Qb7+ Kg6 29. Qxc8 Nf6 30. Rde1 Qd2 31. Qxe6 g4 32. Rgf1 1-0